أسرار قوانين الجاذبية : (Record no. 17432)
[ view plain ]
| 000 -الفاتح | |
|---|---|
| حقل البيانات ثابتة الطول | 01079 am a22002414a 4500 |
| 008 - عناصر البيانات ثابتة الطول - معلومات عامة | |
| حقل البيانات ثابتة الطول | 120212s2011 su g 000 0 ara d |
| 041 ## - رمز اللغة | |
| رمز لغة النص/ المسارات الصوتية أو العنوان الانفرادي | Ara |
| رمز لغة الترجمات و/او الاصلية المتوسطة للنص | Eng |
| 082 04 - رقم تصنيف ديوى العشرى | |
| رقم التصنيف | 158.2 |
| رقم الطبعة | 21 |
| رقم المادة | م ي د |
| 100 1# - المدخل الرئيسى - إسم شخصى | |
| الإسم الشخصى | ميدانير، تالين. |
| 9 (RLIN) | 33078 |
| 240 1# - العنوان الموحد | |
| عنوان موحد | The Secret Laws of Attraction : The Effortless Wys to Get the Relationship you Want |
| لغة العمل | Arabic |
| 245 1# - بيان العنوان | |
| العنوان | أسرار قوانين الجاذبية : |
| بقية العنوان | أيسر طريقة لبناء العلاقة التي تتمناها / |
| بيان المسئوليه,etc | تالين ميدانير. |
| 246 34 - العنوان الموازى | |
| عنوان صحيح/عنوان مختصر | اكتشف الاحتياجات الحقيقية لعلاقاتك : اختبر نفسك بالداخل |
| 250 ## - بيان الطبعة | |
| بيان الطبعة | ط. 1. |
| 260 ## - PUBLICATION, DISTRIBUTION, ETC. (IMPRINT) | |
| مكان الناشر او الموزع | الرياض : |
| اسم الناشر او الموزع | مكتبة جرير، |
| تاريخ النشر أو التوزيع | 2011. |
| 300 ## - الوصف المادى | |
| التعداد | 234 ص. ؛ |
| أبعاد الوعاء | 24 سم. |
| 500 ## - تبصرة عامة | |
| تبصرة عامة | مؤلفة الكتاب الأكثر مبيعاً Coach Yourself to Success |
| 650 14 - المدخل الاضافى بالموضوع-مصطلح موضوعى | |
| مصطلح موضوعي أو اسم جغرافي كعنصر مدخل | العلاقات الشخصية. |
| 9 (RLIN) | 33079 |
| 650 14 - المدخل الاضافى بالموضوع-مصطلح موضوعى | |
| مصطلح موضوعي أو اسم جغرافي كعنصر مدخل | العلاقات الإنسانية. |
| 9 (RLIN) | 23866 |
| 650 14 - المدخل الاضافى بالموضوع-مصطلح موضوعى | |
| مصطلح موضوعي أو اسم جغرافي كعنصر مدخل | الاتصال. |
| 9 (RLIN) | 33080 |
| 650 14 - المدخل الاضافى بالموضوع-مصطلح موضوعى | |
| مصطلح موضوعي أو اسم جغرافي كعنصر مدخل | الشخصية. |
| 9 (RLIN) | 33081 |
| 653 ## - مصطلح تكشيفى غير مقيد | |
| Resource For college | |
| Arrived date list | April2013 |
| 942 ## - عناصر المدخل الإضافي( كوها) | |
| مصدر التصنيف او مخطط الترفيف | Dewey Decimal Classification |
| Koha [default] item type | Book - Borrowing |
| حالة التراجع | حالة الفقد | مصدر التصنيف او خطة الترفيف | حالة تلف | ليس للاعارة | مجموعات كوها | المكان الدائم | المكان الحالي | موقع الترفيف | تاريخ الاكتساب | Source of acquisition | سعر الشراء الطبيعي | رقم الاستدعاء | الباركود | Date last seen | مُعار | التكلفة | نوع الوعاء |
|---|---|---|---|---|---|---|---|---|---|---|---|---|---|---|---|---|---|
| Dewey Decimal Classification | سور الازبكية | Central Library | Central Library | Lower Floor | 09/04/2013 | 15.00 | 158.2 م ي د | 000028677 | 15/07/2025 | 07/10/2024 | 19.00 | Book - Borrowing |